00451nam a2200181 a 4500001001300000003000900013005001700022008004100039020001000080082001700090100001300107245002500120260004000145300000900185500003500194650002700229700001300256nice12345678IN_TiNIC20260116011824.0070730s0000 chea grp 000 0 ara  ac10000a297.293bTIS aTisdal,  aKitab Yanabiul Islam aChennai bLilly Soosai Opset c0000 a245p aincludes index and biblioraphy aIslam-Apologetic Works1 aTisdal,